[Event "Montevideo Duchamp Cup 7th"]
[Site "Montevideo"]
[Date "2024.02.08"]
[Round "8"]
[White "Bon, Charles"]
[Black "Topolansky, Juan"]
[Result "1/2-1/2"]
[WhiteElo "1499"]
[BlackElo "1718"]
[PlyCount "70"]
[EventDate "2024.02.01"]
[EventType "swiss"]
[EventRounds "9"]
[EventCountry "URU"]
[SourceTitle "CBM 218 Extra"]
[Source "ChessBase"]
[SourceDate "2024.03.31"]
[SourceVersion "1"]
[SourceVersionDate "2024.03.31"]
[SourceQuality "1"]

1. e4 e6 2. d3 d5 3. Nd2 Nf6 4. Ngf3 Nc6 5. g3 Bc5 6. Bg2 dxe4 7. dxe4 e5 8. 0-0 0-0 9. h3 Qe7 10. c3 a5 11. a4 Be6 12. Qc2 Rad8 13. Ng5 Bc8 14. Nc4 b6 15. Ne3 Bxe3 16. Bxe3 Ba6 17. Rfd1 Nd7 18. Bf1 Bxf1 19. Kxf1 Nc5 20. Bxc5 Qxc5 21. Rxd8 Rxd8 22. Qb3 Rd7 23. Kg2 h6 24. Nf3 Rd3 25. Rd1 Rxd1 26. Qxd1 Kf8 27. Qd5 Qxd5 28. exd5 Ne7 29. Nxe5 Nxd5 30. Kf3 Ke7 31. Nc6+ Kd6 32. Nd4 g6 33. Ke4 f5+ 34. Kd3 c6 35. Nf3 Ne7 1/2-1/2

[Event "Montevideo Duchamp Cup 7th"]
[Site "Montevideo"]
[Date "2024.02.06"]
[Round "6"]
[White "Topolansky, Juan"]
[Black "Diaz Delograsi, Francisco"]
[Result "0-1"]
[WhiteElo "1718"]
[BlackElo "1502"]
[PlyCount "69"]
[EventDate "2024.02.01"]
[EventType "swiss"]
[EventRounds "9"]
[EventCountry "URU"]
[SourceTitle "CBM 218 Extra"]
[Source "ChessBase"]
[SourceDate "2024.03.31"]
[SourceVersion "1"]
[SourceVersionDate "2024.03.31"]
[SourceQuality "1"]

1. d4 Nf6 2. c4 g6 3. Nc3 Bg7 4. e4 d6 5. Nf3 0-0 6. Be2 e5 7. 0-0 Nc6 8. d5 Ne7 9. b4 Ne8 10. Nd2 f5 11. f3 f4 12. c5 g5 13. Bb2 Ng6 14. Rc1 h5 15. Rf2 Nf6 16. cxd6 cxd6 17. h3 Rf7 18. Nc4 Bf8 19. Nb5 a6 20. Nc3 g4 21. Bf1 b5 22. Na5 Qb6 23. hxg4 hxg4 24. fxg4 Nxg4 25. Rcc2 Rh7 26. Nc6 Rh1+ 27. Kxh1 Nxf2+ 28. Rxf2 Qxf2 29. Be2 Nh4 30. Qg1 Qxg1+ 31. Kxg1 Bd7 32. Na5 Kh7 33. Kf2 Be7 34. Nc6 Bd8 35. Na5 0-1